000 00246nam a2200085Ia 4500
008 220204s9999 xx 000 0 und d
245 0 _aNational Co-operative Development Corporation Annual Report 1986-87
260 _aNew Delhi
_c1986-87
942 _cBK
999 _c43585
_d43585